[Event "Damenturnier Dresden"]
[Site "?"]
[Date "2000.07.23"]
[Round "4"]
[White "Moser Eva"]
[Black "Vasilevich Tatjana"]
[Result "1-0"]
[WhiteElo "2332"]
[BlackElo "2429"]
[PlyCount "83"]

1. g3 d5 2. Bg2 Nf6 3. f4 g6 4. Nf3 Bg7 5. O-O O-O 6. d3 6... b5 $6 7. Nbd2 ({
Ein anderer Versuch, den eher fragwuerdigen Zug 6...b5 auszunuetzen, waere} 7.
e4 7... dxe4 8. dxe4 Nxe4 9. Ng5 f5 10. Nxe4 fxe4 11. Bxe4 c6 12. c3 $14) 7...
Bb7 8. Nb3 8... Qd6 $1 {
Der einzige Zug, der Sc5 und Sa5 (wegen Db6+) verhindert.} 9. Qe1 a5 10. Be3 a4
11. Bc5 11... Qa6 $1 {verhindert 12.Sa5.} 12. Nc1 ({Das urspruenglich geplante
12.Sbd4 scheitert an dem einfachen 12...Te8, worauf Weiss gegen die Drohung ...
Sfd7 machtlos ist. z.B.} 12. Nbd4 12... Re8 13. Qb4 Nfd7 14. Bxe7 $2 14... Qb6
{nebst ...Sa6 und der Laeufer geht verloren.}) 12... Nfd7 13. Bd4 f6 14. e4
14... c5 $6 ({Besser waere} 14... e5 15. fxe5 fxe5 16. Bc3 Qb6+ 17. Kh1 d4 18.
Bd2 18... c5 {worauf Weiss keinen Angriff auf den gegnerischen Koenig erhaelt
und auf Verteidigung umschalten muss.}) 15. Bf2 d4 16. g4 Nc6 17. h4 17... h6 {
um auf 18.h5 die Antwort ...g5 parat zu haben.} 18. Bh3 Rad8 19. Bg3 e5 20. Ne2
c4 21. g5 fxg5 22. hxg5 cxd3 23. cxd3 Nc5 24. Qd2 exf4 25. Nxf4 Ne5 26. gxh6 (
26. Nxe5 Bxe5 27. gxh6 27... Qd6 $132) 26... Nxf3+ 27. Rxf3 Bxh6 28. Qc2 Qb6
29. Raf1 Kh7 30. Qh2 30... Nxe4 $2 {
Dieses zweifelhafte Figurenopfer sollte Schwarz etwas Gegenspiel verschaffen.}
31. dxe4 Bxe4 32. R3f2 Rde8 33. Bg4 d3 34. Ng2 d2 35. Kh1 $2 (35. Bf4 $1 35...
g5 36. Be3 Rxf2 37. Rxf2 {nebst Txd2.}) 35... Bf5 {
In beiderseitiger Zeitnot findet Schwarz nicht die besten Zuege.} ({Mit} 35...
Qd4 $1 {
waere die Stellung moeglicherweise noch zu retten gewesen, wie die Fortsetzung}
36. Bf4 g5 37. Bxg5 Bxg2+ 38. Kg1 (38. Qxg2 $2 38... Rxf2 39. Qxf2 (39. Rxf2
d1=Q+ 40. Bxd1 Qxd1+ 41. Kh2 Qd6+ 42. Kh3 42... Qe6+ {
und der weisse Laeufer geht verloren.}) 39... Qxg4 $19) 38... Re6 39. Bxe6
Qxf2+ 40. Rxf2 d1=Q+ 41. Kxg2 Rxf2+ 42. Kxf2 Qc2+ 43. Kg3 Qxh2+ 44. Kxh2 44...
Bxg5 {zeigt.}) 36. Bd1 Kg7 37. Be5+ Kh7 38. Bf4 g5 39. Bxd2 Qg6 40. Bh5 Qe6 41.
Bxe8 Rxe8 42. Rxf5 1-0

[Event "LM OOe"]
[Site "?"]
[Date "2001.04.12"]
[Round "7"]
[White "Moser Eva"]
[Black "Beim Valeri"]
[Result "1-0"]
[WhiteElo "2309"]
[BlackElo "2534"]
[Annotator "WIM Eva Moser"]
[PlyCount "93"]
[EventDate "2001.??.??"]

1. e4 Nf6 2. e5 Nd5 3. d4 d6 4. c4 Nb6 5. f4 dxe5 6. fxe5 Nc6 7. Be3 Bf5 8. Nc3
e6 9. Nf3 Be7 ({In letzter Zeit wird haeufiger} 9... Qd7 10. Be2 Rd8 11. O-O
11... Bg4 {gespielt, um sofort den Bauern d4 zu attackieren.}) 10. Be2 O-O 11.
O-O f6 12. exf6 Bxf6 13. Qd2 Qd7 14. Rad1 Rad8 15. Qc1 Kh8 16. Kh1 Qe8 (16...
Bg4 $2 17. Ne5 Bxe5 (17... Nxe5 18. dxe5 Bxe2 19. Nxe2 Qe7 20. exf6 $18) 18.
Rxf8+ Rxf8 19. dxe5 Qf7 20. Bxg4 $18) 17. h3 {um das laestige ...Lg4
auszuschalten, da nun nach dem Damenrueckzug des Schwarzen die Erwiderung Se5
nicht mehr funktioniert.} 17... Bg6 18. Rfe1 18... Rf7 {
bereitet die Turmverdoppelung auf der d-Linie vor.} 19. Bf1 Qf8 (19... Rfd7 $2
20. d5 Nb4 (20... exd5 $2 21. Bxb6 $18) 21. Bxb6 axb6 22. Rxe6 $18) 20. Bg1 Re8
({Auf} 20... Rfd7 {waere} 21. c5 Nc8 (21... Nd5 22. Rxe6) 22. Bb5 {
mit angenehmen Vorteil fuer Weiss geplant gewesen.}) 21. Ne4 {
Dieser Zug zwingt Schwarz, das Laeuferpaar herzugeben.} 21... h6 22. Nxf6 22...
Rxf6 { } 23. d5 $1 {Die Stellung wird fuer das weisse Laeuferpaar geoeffnet.}
23... exd5 24. Rxe8 Bxe8 25. cxd5 Ne7 ({
Komplizierter haette sich das Spiel nach} 25... Nb4 $5 {gestaltet.} 26. Bd4
Nxa2 27. Qxc7 Nxd5 28. Qxb7 Bc6 (28... Rxf3 29. gxf3 Qxf3+ 30. Kh2 Qf4+ 31. Kg2
$16) 29. Qb3 {
. Obwohl Weiss ueber etwas Vorteil verfuegt, bleibt die Stellung unklar.}) 26.
Bd4 Rd6 27. Be5 ({Groesseren Vorteil haette} 27. Qxc7 {ergeben.} 27... Rxd5 (
27... Nexd5 $2 28. Bxg7+) 28. Re1 Nf5 (28... Rd7 29. Qb8 {
und Schwarz kann sich kaum mehr bewegen.}) 29. Qb8 Nd6 30. Qxa7 {
mit einem klaren Mehrbauern fuer Weiss.}) 27... Rxd5 28. Rxd5 Nbxd5 29. Qxh6+
Kg8 30. Qg5 30... Nf5 $6 {Durch diesen Zug verliert Schwarz zwar einen Bauern,
allerdings war die Stellung fuer ihn ohnehin schon ziemlich schwierig, wie
folgende Varianten beweisen:} (30... Bg6 31. Bc4 c6 32. Bxd5+ cxd5 33. Bd6 $18)
(30... Bf7 31. Bd3 Nb4 32. Be4 Bd5 33. Bxd5+ Nbxd5 34. Nd4 {nebst Se6.}) 31.
Bxg7 $1 31... Qxg7 (31... Nxg7 32. Qxd5+ $18) 32. Qxf5 c6 33. Qg5 {
in der Zeitnotphase das einfachste!} 33... Kf8 34. Qxg7+ Kxg7 35. Kg1 Ne3 36.
Be2 Bf7 37. Kf2 Nd5 38. a3 Nb6 39. b4 Kf6 40. Ke3 Nd5+ 41. Kd4 Nf4 42. Bf1 Bd5
43. Ke3 Ne6 44. g4 b6 45. h4 c5 46. bxc5 bxc5 47. Bd3 {
Schwarz gab auf, da die weissen Freibauern das Spiel entscheiden.} 1-0

[Event "Staatsliga A"]
[Site "?"]
[Date "2001.11.02"]
[Round "3"]
[White "Moser Eva"]
[Black "Madl Ildiko"]
[Result "1-0"]
[WhiteElo "2360"]
[BlackElo "2426"]
[Annotator "WIM Eva Moser/ IM Christian Weiss"]
[PlyCount "91"]
[EventDate "2001.??.??"]

1. e4 c5 2. g3 d5 3. exd5 Qxd5 4. Nf3 Bg4 5. Bg2 Qe6+ 6. Kf1 6... f6 $5 {
Dies ist eine Neuerung, die meine Gegnerin vermutlich zu Hause vorbereitet
hatte. Die Idee ist moeglichst schnell ...e5 mit Raumgewinn im Zentrum
durchzusetzen.} ({Haeufiger wird hier} 6... Nc6 7. h3 Bh5 8. Nc3 Nf6 9. d3 Qd7
10. g4 Bg6 11. Bf4 11... e6 {mit Ausgleich gespielt.}) 7. h3 Bh5 8. Kg1 $1 {
Stellt die Drohung 9. Sg5 auf, da das Zwischenschach ...Da6 nun ausgeschaltet
ist.} 8... Nc6 $2 ({Ebenfalls schlecht waere} 8... Qd6 9. Nc3 Nc6 (9... e5 $2
10. g4 Bg6 11. Nxe5 fxe5 12. Bxb7 $18) 10. Ne4 Qd5 11. d3 e5 12. Be3 O-O-O 13.
g4 Bf7 14. Nfd2 {und der Bc5 geht verloren.}) ({Notwendig ist deshalb} 8... Qd7
9. Kh2 Nc6 10. Nc3 Bf7 11. d3 e5 12. Be3 Nd4 13. Ne4 {
mit Entwicklungsvorsprung fuer Weiss.}) 9. Ng5 Bxd1 10. Nxe6 Rc8 11. Na3 (11.
Nxc5 $6 11... Nd4 12. Nc3 Nxc2 13. Rb1 Rxc5 14. Nxd1 14... Rc7 $11) 11... b6
12. d3 Bh5 13. Bf4 Bf7 14. Re1 ({Nur zu unklarer Stellung fuehrt} 14. Bd5 14...
g5 $1 15. Nc7+ Kd7 16. Bxf7 16... gxf4 {.}) 14... g5 15. Bd2 Bh6 16. h4 g4 17.
Bc3 $1 {Nun kann sich Schwarz ueberhaupt nicht mehr bewegen. Der Se6 laehmt
den gesamten Koenigsfluegel.} 17... Kd7 18. Ng5 Bg6 ({oder} 18... Bxg5 19. hxg5
Nd4 (19... Bxa2 $2 20. b3) 20. Bxd4 cxd4 21. Re4 {mit Bauerngewinn.}) 19. Bd5
Nd8 20. f4 $1 {Bereitet die Turmverdoppelung auf der e-Linie via h2 vor und
verhindert den Vorstoss ...e5.} 20... Bf5 ({Etwas hartnaeckiger waere} 20...
gxf3 21. Bxf3 Bf5 22. Rh2 Bxg5 (22... e5 $2 23. Rf2 Ne7 24. Be4 $1 $18) 23.
hxg5 Ne6 24. gxf6 Nxf6 25. Rf2 $1 {gewesen.}) 21. Rh2 Bf8 22. Rhe2 h6 23. Ne4
Nc6 24. h5 $1 {
Macht die Entwicklung der schwarzen Figuren am Koenigsfluegel unmoeglich.}
24... Bg7 25. Nf2 25... Nd4 $2 {
Stellt zwei Bauern ein, aber die Stellung war ohnehin schon trostlos.} 26. Bxd4
cxd4 27. Bxg8 Rhxg8 28. Rxe7+ Kd8 29. Rxa7 Bf8 30. Re2 Bc5 31. Ne4 Bxe4 32.
Rxe4 Re8 33. Rxe8+ Kxe8 34. Nb5 Kf8 35. Rh7 Kg8 36. Rxh6 Be7 37. Nxd4 Bc5 38.
c3 Bxd4+ 39. cxd4 Kf7 40. Rg6 Rc1+ 41. Kf2 f5 42. Rxb6 Rc2+ 43. Ke3 Rg2 44. d5
Rxg3+ 45. Kd4 Rh3 46. h6 1-0

[Event "IDJM"]
[Site "?"]
[Date "2002.04.07"]
[Round "8"]
[White "Van der Weide Karel"]
[Black "Moser Eva"]
[Result "0-1"]
[WhiteElo "2454"]
[BlackElo "2339"]
[PlyCount "94"]
[EventDate "2002.??.??"]

1. e4 e6 2. d4 d5 3. Nc3 Bb4 4. e5 c5 5. a3 Bxc3+ 6. bxc3 6... Qa5 $5 ({
Mit diesem Zug wollte ich der Hauptvariante} 6... Ne7 7. Qg4 Qc7 8. Qxg7 Rg8 9.
Qxh7 cxd4 10. Ne2 Nbc6 11. f4 Bd7 12. Qd3 12... dxc3 $13 {ausweichen. Die Idee
von 6...Da5 besteht darin, den "schwachen" Laeufer mittels ...b6 und ...La6
gegen den "starken" Laeufer f1 abzutauschen.}) 7. Bd2 Qa4 8. Qg4 ({
Interessant ist auch} 8. Qb1 8... c4 {
(Erzwungen, da man die Drohung Lb5 sonst kaum parieren kann.)} 9. Nf3 Nc6 10.
Be2 f6 11. Bf4 f5 (11... Nge7 12. exf6 gxf6 13. O-O {mit weissem Vorteil}) 12.
h4 Bd7 13. Rh3 Nge7 14. h5 Qa5 15. Qc1 15... b5 {und da der schwarze
Koenigsfluegel verteidigungsfaehig ist, sollten die Chancen etwa gleich sein.})
8... Kf8 ({Gegen IM Wach versuchte ich} 8... g6 9. Ra2 ({
In der Partie Anand-Nikolic (1997) geschah} 9. Qd1 $5 9... cxd4 10. Rb1 $1
10... d3 11. Bxd3 Qxa3 12. Nf3 Qc5 13. h4 h6 14. O-O Nd7 15. Re1 a6 16. c4 {
mit weisser Initiative}) 9... b6 10. h4 h5 11. Qf4 Ba6 12. Nf3 Nd7 13. Bd3 Bxd3
14. cxd3 c4 15. Ng5 15... Nh6 {, doch auf Dauer erwiesen sich die schwarzen
Felder am Koenigsfluegel als zu schwach, weshalb ich letztendlich auch die
Partie verlor.}) 9. Qd1 b6 10. h4 $1 {Der Standardplan. Durch den Vorstoss des
h-Bauern wird Schwarz am Koenigsfluegel eingeengt und der weisse Turm kann
ueber die h-Linie ins Spiel kommen.} 10... Nc6 11. Nf3 Ba6 12. h5 Bxf1 13. Kxf1
h6 14. Rh4 Nge7 15. Rf4 $6 ({Hier haette Weiss mit} 15. dxc5 {
in Vorteil kommen koennen:} 15... Qa6+ (15... Qb5+ 16. c4 $1 16... dxc4 (16...
Qxc5 17. Bb4 Nxb4 18. axb4 Qc7 19. Qe2 {mit weissem Vorteil.}) 17. Qe2 Qxc5 18.
Rxc4 Qd5 19. Bb4 Rd8 20. Bd6 {und Schwarz muss ums Ueberleben kaempfen.}) 16.
Qe2 Qxe2+ 17. Kxe2 bxc5 18. Be3 c4 19. Rb1 {
und durch die aktiveren Figuren steht Weiss klar besser.}) 15... Kg8 16. Kg1 ({
Mit dem Turm auf f4 funktioniert dieselbe Variante schon nicht mehr:} 16. dxc5
16... Qa6+ 17. Qe2 Qxe2+ 18. Kxe2 bxc5 19. Be3 (19. Rb1 19... c4 $5 ({oder} 
19... Rb8 20. Rxb8+ Nxb8 21. Ra4 Nec6 22. Be3 Nd7 23. Ra6 Ndb8 24. Ra4 24...
Nd7 $11) 20. Rb7 Rb8 21. Rc7 Rc8 22. Rd7 22... Rd8 $11) 19... c4 20. Rb1 20...
g5 $1 21. hxg6 Nxg6 22. Rf6 22... Rb8 $1 23. Rxb8+ Nxb8 24. Bxa7 24... Nd7 {
und Schwarz gewinnt die Qualitaet.}) 16... cxd4 $1 {Nun bleibt die weisse
Bauernstruktur chronisch schwach und Schwarz sollte langfristig in Vorteil
kommen.} 17. cxd4 Rc8 18. Qb1 $5 18... Nf5 19. c3 Na5 20. g4 Ne7 21. Qb4 {
Mit diesem Zug moechte Weiss in ein unklares Endspiel abwickeln. Aber es ist
nicht zu sehen, wie er sonst seine Stellung verbessern koennte.} 21... Qxb4 $5
{Verbessert zwar die weisse Bauernstruktur,} ({doch nach} 21... Qd7 {
ist es noch schwieriger, den Turm h8 zu aktivieren.}) 22. axb4 Nac6 23. Nh4 $6
({Besser ist} 23. b5 23... Na5 24. Kf1 a6 (24... g5 $2 25. hxg6 Nxg6 26. Rf6 h5
27. Ke2 $1 27... hxg4 28. Ng5 Rc7 29. Nxf7 Rxf7 30. Rxg6+ $18) 25. bxa6 25...
Ra8 {mit unklarer Stellung.}) 23... a5 $1 24. bxa5 Nxa5 ({Nach} 24... bxa5 25.
Rb1 a4 26. Bc1 Rb8 27. Rxb8+ Nxb8 28. Ba3 Nbc6 (28... Nec6 29. Ng6 $1) 29. Kf1
{kann Weiss das Gleichgewicht halten.}) 25. Bc1 $2 ({Stellt einen Bauern ein.
Das Endspiel ist zwar fuer Weiss geringfuegig schlechter, aber mit} 25. Ra2) ({
oder} 25. Be1 {haette er um Ausgleich kaempfen koennen.}) 25... Nb3 26. Rb1
26... Rxc3 {Das Endspiel ist fuer Schwarz nun klar gewonnen, aber ich befand
mich schon in einer Phase, in der ich meine Zeit gaenzlich aufgebraucht hatte
und nur mehr 30 Sekunden pro Zug bekam.} 27. Be3 Nc6 28. Rb2 Nca5 29. Bd2 Nxd2
30. Rxd2 Rc7 31. Rd3 Nc4 32. Ng6 $5 {
Ein netter Versuch, meine Zeitnot auszunutzen.} 32... fxg6 33. hxg6 h5 34. g5
h4 35. Rdf3 Rc8 36. Kh2 Rh5 37. Rg4 {
Nun sind alle Probleme beseitigt und die Stellung ist leicht gewonnen.} 37...
b5 38. Rf7 Rb8 39. f4 Ne3 40. Rg1 h3 41. Re7 Rh4 42. Rxe6 Rxf4 43. Kxh3 b4 44.
Rb1 b3 45. Kg3 Rf1 46. Rb2 Nc4 47. Re2 b2 0-1

[Event "FBL HSK-Dresden"]
[Site "?"]
[Date "2003.02.16"]
[Round "?"]
[White "Dworakowska, Joanna"]
[Black "Moser, Eva"]
[Result "0-1"]
[WhiteElo "2414"]
[BlackElo "2341"]
[Annotator "WGM Eva Moser"]
[PlyCount "82"]
[EventDate "2003.??.??"]

1. e4 c5 2. Nc3 Nc6 3. Bb5 3... Nd4 {
Die Hauptfortsetzung. Alternativen sind 3...g6 und 3...e6:} (3... g6 4. Bxc6
dxc6 (4... bxc6 5. d3 Bg7 6. f4 d6 7. Nf3 f5 8. e5 Nh6 9. O-O O-O 10. Qe2 Qc7
11. Re1 Nf7 12. Na4 $5 {mit der Idee b3 und Lb2. Wegen der schwarzen Bauern-
und Felderschwachen ist Weis im Vorteil, Najer-Shipov, Moskau 1995.}) 5. f4 ({
In der Partie Spassky-Hubner, Venezia 1989, erhielt Weis nach} 5. d3 5... Bg7
6. Nge2 Nf6 7. Be3 b6 8. h3 O-O 9. Qd2 {die etwas besseren Perspektiven.}) 5...
c4 $5 6. Qe2 Bh6 7. g3 Be6 8. Nf3 Qb6 9. Ne5 Qc5 10. b4 Qxb4 11. a4 Qa5 12.
Nxc4 Qa6 13. Ne5 Qxe2+ 14. Nxe2 14... Nf6 {und nach etwas unublichem
Eroffnungsverlauf erreichte ich eine annahernd ausgeglichene Stellung
(Grafl-Moser, Augsburg 2002).}) (3... e6 4. Bxc6 bxc6 5. d3 Ne7 (5... d6 6.
Nge2 g6 7. b3 Bg7 8. Bb2 Nf6 9. Qd2 O-O 10. Na4 e5 11. f4 exf4 12. Nxf4 d5 13.
O-O-O {mit beiderseitigen Chancen, Gurgenidze-Arakhamia, Tbilisi 1991.}) 6. f4
Ng6 7. Nf3 Be7 8. O-O O-O 9. f5 Nh4 10. Nxh4 Bxh4 11. fxe6 dxe6 12. Be3 {
und Weis besitzt dauerhaften Vorteil, Keitlinghaus-Ionov, Dortmund 1992.}) 4.
Bc4 g6 ({Eine interessante Stellung entstand in der Partie Kotsur-Kozul,
Istanbul 2000, nach} 4... e6 5. Nf3 Ne7 6. Nxd4 cxd4 7. Ne2 Nc6 8. d3 Bc5 9.
Bb3 O-O 10. O-O b5 11. f4 Na5 12. f5 Nxb3 13. axb3 f6 14. Nf4 e5 15. Nd5 15...
Bb7 {.}) 5. Nf3 Bg7 6. Nxd4 cxd4 7. Qf3 $5 {Nach nur sieben Zugen sah ich mich
also schon mit der ersten Mattdrohung konfrontiert.} 7... Nf6 ({In der Partie
Najer-Tiviakov, Groningen 1999, verteidigte sich der Nachziehende mit} 7... Nh6
8. Ne2 O-O 9. d3 Ng4 10. Bb3 (10. Qxg4 d5) 10... d6 11. O-O a5 12. a4 Ne5 13.
Qg3 Nd7 14. Qh4 Nc5 15. Bg5 Re8 16. Bd5 16... Be6 {.}) 8. Nb5 O-O 9. Nxd4 9...
Ng4 $5 10. c3 ({Nach} 10. Qxg4 10... d5 11. Qe2 dxc4 12. Nf3 Qc7 13. O-O Rd8
14. d3 cxd3 15. cxd3 15... Bg4 {
besitzt Schwarz genug Kompensation fuer den geopferten Bauern.}) ({
Es ist allerdings nicht klar, ob das auch nach} 10. Ne6 10... fxe6 11. Qxg4 {
der Fall ist.}) 10... Ne5 11. Qe2 Nxc4 12. Qxc4 b6 13. O-O Bb7 14. Qe2 14... f5
$1 {Die lange Diagonale muss fuer den weissfeldrigen Laeufer, der keinen
Gegenspieler hat, geoeffnet werden.} 15. e5 ({Schwaecher ist} 15. exf5 15...
gxf5 {, denn nun kommt das schwarze Laeuferpaar voll zur Geltung,}) ({
doch auch nach} 15. d3 {
muss nach energischem schwarzen Spiel der Punkt e4 aufgegeben werden:} 15... e5
$1 16. Nf3 d5 17. Rd1 ({Auf Bauerngewinn darf Weiss natuerlich nicht spielen:} 
17. exf5 17... Rxf5 18. g4 $2 18... Rf8 19. Nxe5 19... d4 $1 {
und der weisse Koenig wird wohl nicht mehr lange ueberleben.}) 17... Qe7 $5 ({
Nach} 17... Qc7 18. Ng5 $1 18... Rae8 19. f3 {
gelingt es Schwarz nicht mehr, die lange Diagonale und das Zentrum zu oeffnen.}
) 18. Bg5 Qc7 19. exd5 Bxd5 20. Re1 20... Rae8 {
und das Laeuferpaar kompensiert den geopferten Bauern.}) 15... f4 $1 {
Notwendig, da sonst Weiss 16.f4 spielt, wonach der Bauer e5 zuverlaessig
gedeckt wird und es fuer Scharz schwieriger ist, g2 anzugreifen. Ausserdem
wird dieser Bauer die Entwicklung des Laeufer c1 erschweren.} 16. Re1 e6 17.
Qg4 { } 17... Qb8 $1 (17... Qc7 $2 {funktioniert nicht wegen} 18. d3 Bxe5 19.
Nxe6 dxe6 20. Qxe6+ Rf7 21. Qxe5 {und Weiss verbleibt mit zwei Mehrbauern.})
18. d3 Bxe5 19. Nxe6 19... Rf5 $1 {Das ist der Unterschied zu 17...Dc7. Nun
haengt die schwarze Dame nicht und der weisse Springer geraet in
Schwierigkeiten.} 20. d4 ({Das geringere Uebel waere} 20. Nd4 20... Bxd4 21.
cxd4 21... Qd6 {, doch auch hier behaelt Schwarz die Initiative.}) 20... Bd6
21. Ng5 21... h5 $6 {Schwaecht den Koenigsfluegel.} ({Etwas besser ist sofort} 
21... Qf8 {.}) 22. Qh4 22... Qf8 {Die schwarzen Figuren spielen perfekt
zusammen, waehrend sich Weiss sich noch nicht einmal vollstaendig entwickelt
hat.} 23. Nf3 {Es drohte 23...Le7.} 23... Qf7 24. Ne5 Bxe5 25. dxe5 $2 ({
Zaeher ist} 25. Rxe5 25... Rxe5 26. dxe5 Qd5 27. f3 Qd1+ 28. Kf2 Rf8 ({
Nichts bringt} 28... Ba6 29. Qxf4 Qe2+ 30. Kg3 Rf8 31. Qe3) 29. Qg5 Kg7 (29...
Qc2+ 30. Kg1 Qd1+ 31. Kf2 31... Qc2+ {ergaebe Dauerschach}) 30. Qe7+ Rf7 31.
Qd6 31... Bd5 {
und es sieht nicht so aus, dass Schwarz seine Stellung verstaerken kann.})
25... g5 26. Qh3 Re8 27. Qd3 Rfxe5 28. Bd2 Be4 29. Qf1 ({
Es gibt kein besseres Feld:} 29. Qd4 29... Rd5) (29. Qa6 Qd5) 29... Qd5 30. Qe2
$2 ({Die Stellung ist natuerlich schon schwierig, doch} 30. Re2 30... Bd3 31.
Rxe5 Rxe5 32. Qd1 32... Re2 {wuerde zumindest kein Material verlieren.}) 30...
Bc2 $1 31. Qxh5 Qxd2 32. Qxe8+ Rxe8 33. Rxe8+ Kf7 34. Rae1 Bf5 35. R8e2 Qd3 36.
Re7+ Kf6 37. f3 Be6 38. Re8 Qd2 39. Rf1 Qxb2 40. Rh8 Qxc3 41. h4 gxh4 0-1